<?xml version="1.0" encoding="UTF-8"?>
<record
    xmlns:xsi="http://www.w3.org/2001/XMLSchema-instance"
    xsi:schemaLocation="http://www.loc.gov/MARC21/slim http://www.loc.gov/standards/marcxml/schema/MARC21slim.xsd"
    xmlns="http://www.loc.gov/MARC21/slim">

  <leader>00830nam a22002297a 4500</leader>
  <controlfield tag="005">20130716120300.0</controlfield>
  <datafield tag="010" ind1=" " ind2=" ">
    <subfield code="a">ENG-107919-20</subfield>
  </datafield>
  <datafield tag="020" ind1=" " ind2=" ">
    <subfield code="c">2695.00 (Set of 2 Vols)</subfield>
    <subfield code="a">9788180386473 (2 vols)</subfield>
  </datafield>
  <datafield tag="035" ind1=" " ind2=" ">
    <subfield code="a">EN-91452-53</subfield>
  </datafield>
  <datafield tag="037" ind1=" " ind2=" ">
    <subfield code="b">DBAD/PUB</subfield>
  </datafield>
  <datafield tag="082" ind1=" " ind2=" ">
    <subfield code="a">343</subfield>
  </datafield>
  <datafield tag="100" ind1=" " ind2=" ">
    <subfield code="a">Pithisaria, M. K.</subfield>
  </datafield>
  <datafield tag="245" ind1="0" ind2="0">
    <subfield code="a">Business expenditure : </subfield>
    <subfield code="c">by M.K. Pithisaria [and] Mukesh Pithisaria</subfield>
    <subfield code="b">as amended by the Finance Act 2010 (14 of 2010) /</subfield>
  </datafield>
  <datafield tag="250" ind1=" " ind2=" ">
    <subfield code="a">2010 ed</subfield>
  </datafield>
  <datafield tag="260" ind1=" " ind2=" ">
    <subfield code="a">Gurgaon</subfield>
    <subfield code="b">Lexis Nexis</subfield>
    <subfield code="c">2010</subfield>
  </datafield>
  <datafield tag="270" ind1=" " ind2=" ">
    <subfield code="a">14th Floor, Bldg. No.10, Tower-B, DLF Cyber City, Phase-II</subfield>
    <subfield code="b">Gurgaon</subfield>
    <subfield code="e">122002</subfield>
  </datafield>
  <datafield tag="300" ind1=" " ind2=" ">
    <subfield code="a">2 Vols (vol.1,cccliv,1-1024), (vol.2,cccliv,1025-1817)p. </subfield>
    <subfield code="c">24cm(Hb)</subfield>
  </datafield>
  <datafield tag="490" ind1=" " ind2=" ">
    <subfield code="a">Companion to Chaturvedi and Phthisaria's Income tax law</subfield>
  </datafield>
  <datafield tag="500" ind1=" " ind2=" ">
    <subfield code="a">Includes index</subfield>
  </datafield>
  <datafield tag="700" ind1=" " ind2=" ">
    <subfield code="a">Pithisaria, Mukesh</subfield>
  </datafield>
  <datafield tag="942" ind1=" " ind2=" ">
    <subfield code="2">ddc</subfield>
    <subfield code="c">EN</subfield>
    <subfield code="m">PIT</subfield>
  </datafield>
  <datafield tag="999" ind1=" " ind2=" ">
    <subfield code="c">77530</subfield>
    <subfield code="d">77530</subfield>
  </datafield>
  <datafield tag="952" ind1=" " ind2=" ">
    <subfield code="0">0</subfield>
    <subfield code="1">0</subfield>
    <subfield code="3">v.1</subfield>
    <subfield code="4">0</subfield>
    <subfield code="7">1</subfield>
    <subfield code="8">NFIC</subfield>
    <subfield code="a">DBAD</subfield>
    <subfield code="b">DBAD</subfield>
    <subfield code="d">2013-07-16</subfield>
    <subfield code="e">DBAD/PUB</subfield>
    <subfield code="g">2695.00</subfield>
    <subfield code="l">0</subfield>
    <subfield code="o">PIT</subfield>
    <subfield code="p">EN-91452</subfield>
    <subfield code="r">2013-07-16 00:00:00</subfield>
    <subfield code="t">1</subfield>
    <subfield code="v">2695.00</subfield>
    <subfield code="w">2013-07-16</subfield>
    <subfield code="y">EN</subfield>
  </datafield>
  <datafield tag="952" ind1=" " ind2=" ">
    <subfield code="0">0</subfield>
    <subfield code="1">0</subfield>
    <subfield code="3">v.2</subfield>
    <subfield code="4">0</subfield>
    <subfield code="7">1</subfield>
    <subfield code="8">NFIC</subfield>
    <subfield code="a">DBAD</subfield>
    <subfield code="b">DBAD</subfield>
    <subfield code="d">2013-07-16</subfield>
    <subfield code="e">DBAD/PUB</subfield>
    <subfield code="g">2695.00</subfield>
    <subfield code="l">0</subfield>
    <subfield code="o">PIT</subfield>
    <subfield code="p">EN-91453</subfield>
    <subfield code="r">2013-07-16 00:00:00</subfield>
    <subfield code="t">1</subfield>
    <subfield code="v">2695.00</subfield>
    <subfield code="w">2013-07-16</subfield>
    <subfield code="y">EN</subfield>
  </datafield>
</record>
